|
|
|
|
| LEADER |
01126nam a2200229 u 4500 |
| 001 |
10045119 |
| 003 |
GR-PaULI |
| 005 |
20210117210516.0 |
| 008 |
021211s2017 gr a gre |
| 040 |
|
|
|a GR-PaULI
|c GR-PaULI
|b gre
|e AACR2
|
| 082 |
0 |
4 |
|a 364.4
|2 23
|
| 110 |
2 |
|
|9 165641
|a Ελλάδα.
|b Υπουργείο Δικαιοσύνης, Διαφάνειας και Ανθρωπίνων Δικαιωμάτων
|
| 245 |
1 |
0 |
|a Αντιεγκληματική πολιτική :
|b παρόν και μέλλον /
|c Υπουργείο Δικαιοσύνης, Διαφάνειας και Ανθρωπίνων Δικαιωμάτων.
|
| 260 |
|
|
|a Αθήνα :
|b Εθνικό Τυπογραφείο,
|c 2017.
|
| 300 |
|
|
|a 68 σ. :
|b εικ. ;
|c 24 εκ.
|
| 505 |
0 |
|
|a
|
| 650 |
|
4 |
|a Έγκλημα
|9 165642
|x Πρόληψη.
|
| 650 |
|
4 |
|a Εγκληματολογία
|9 17673
|
| 942 |
|
|
|2 ddc
|c BK15
|
| 952 |
|
|
|0 0
|1 0
|2 ddc
|4 0
|6 364_400000000000000_ΕΛΛ
|7 0
|9 217334
|a LISP
|b LISP
|c BSC
|d 2017-11-15
|i 03824
|l 0
|o 364.4 ΕΛΛ
|p 025000235091
|r 2017-11-15 00:00:00
|t 1
|v 2017.00
|w 2017-11-15
|y BK15
|
| 998 |
|
|
|c ΜΠΟΥΡΑΣ
|d 2017-11
|
| 999 |
|
|
|c 131757
|d 131757
|